[Event "Vladimir Dvorkovich Mem 2014"]
[Site "Taganrog RUS"]
[Date "2014.01.26"]
[Round "8.11"]
[White "Gabrielian, A."]
[Black "Vastrukhin, O."]
[Result "1-0"]
[WhiteElo "2555"]
[BlackElo "2370"]
[PlyCount "88"]
[EventDate "2014.01.18"]
[EventType "swiss"]
[EventRounds "9"]
[EventCountry "RUS"]
[Source "Mark Crowther"]
[SourceDate "2014.01.27"]

1. e4 e6 2. d4 d5 3. Nc3 Bb4 4. e5 c5 5. a3 Bxc3+ 6. bxc3 Nc6 7. Qg4 g6 8. Nf3
Qa5 9. Bd2 Qa4 10. Be2 Bd7 11. O-O c4 12. Qf4 h6 13. h4 Nge7 14. Ra2 O-O-O 15.
Nh2 g5 16. Qf6 Qa5 17. Bh5 Nf5 18. Nf3 Rdg8 19. Rd1 Qd8 20. Qxd8+ Nxd8 21. hxg5
hxg5 22. Bg4 Nh6 23. Nh2 Nxg4 24. Nxg4 Ba4 25. Re1 Nc6 26. Nf6 Rg6 27. g4 Ne7
28. Kg2 Ng8 29. Nh5 Kd7 30. Rb2 b6 31. Rh1 Ke7 32. Nf4 Rgh6 33. Nxd5+ exd5 34.
Bxg5+ Kf8 35. Bxh6+ Rxh6 36. Rxh6 Nxh6 37. Kg3 Bd7 38. f3 Kg7 39. Rb1 Ba4 40.
Rc1 Kg6 41. Kh4 Ng8 42. f4 f5 43. exf6 Nxf6 44. f5+ Kf7 1-0

[Event "Vladimir Dvorkovich Mem 2014"]
[Site "Taganrog RUS"]
[Date "2014.01.26"]
[Round "8.12"]
[White "Grigoriants, S RUS."]
[Black "Saduakassova, D."]
[Result "1/2-1/2"]
[WhiteElo "2581"]
[BlackElo "2348"]
[PlyCount "41"]
[EventDate "2014.01.18"]
[EventType "swiss"]
[EventRounds "9"]
[EventCountry "RUS"]
[Source "Mark Crowther"]
[SourceDate "2014.01.27"]

1. c4 Nf6 2. Nc3 e6 3. Nf3 d5 4. d4 Bb4 5. e3 O-O 6. Bd3 c5 7. O-O Nc6 8. cxd5
exd5 9. dxc5 Bxc5 10. h3 a6 11. Ne2 Qe7 12. b3 Be6 13. Bb2 Ba3 14. Qc1 Bd6 15.
Qb1 h6 16. Ned4 Nxd4 17. Bxd4 Ba3 18. Bb2 Bd6 19. Bd4 Ba3 20. Bb2 Bd6 21. Bd4
1/2-1/2

[Event "Vladimir Dvorkovich Mem 2014"]
[Site "Taganrog RUS"]
[Date "2014.01.26"]
[Round "8.13"]
[White "Lopukhin, A."]
[Black "Kovchan, A."]
[Result "0-1"]
[WhiteElo "2327"]
[BlackElo "2554"]
[PlyCount "32"]
[EventDate "2014.01.18"]
[EventType "swiss"]
[EventRounds "9"]
[EventCountry "RUS"]
[Source "Mark Crowther"]
[SourceDate "2014.01.27"]

1. Nf3 g6 2. e4 Bg7 3. d4 d5 4. exd5 Qxd5 5. Nc3 Qd6 6. Nb5 Qb6 7. Bf4 Na6 8.
Qe2 Nf6 9. c3 O-O 10. Na3 c5 11. Nc4 Qd8 12. O-O-O Be6 13. Kb1 Qd5 14. Nfe5
Rfd8 15. Qf3 b5 16. Nc6 Re8 0-1

[Event "Vladimir Dvorkovich Mem 2014"]
[Site "Taganrog RUS"]
[Date "2014.01.26"]
[Round "8.14"]
[White "Dauletova, G."]
[Black "Kornyukov, A."]
[Result "1/2-1/2"]
[WhiteElo "2218"]
[BlackElo "2437"]
[PlyCount "84"]
[EventDate "2014.01.18"]
[EventType "swiss"]
[EventRounds "9"]
[EventCountry "RUS"]
[Source "Mark Crowther"]
[SourceDate "2014.01.27"]

1. e4 c5 2. Nf3 Nc6 3. d4 cxd4 4. Nxd4 Nf6 5. Nc3 e5 6. Ndb5 d6 7. Nd5 Nxd5 8.
exd5 Nb8 9. c4 Be7 10. Bd3 O-O 11. O-O a6 12. Nc3 f5 13. f3 Nd7 14. Kh1 Bg5 15.
b4 Bxc1 16. Rxc1 Qh4 17. Qc2 g6 18. Qf2 Qxf2 19. Rxf2 b6 20. Bc2 a5 21. a3 axb4
22. axb4 Ba6 23. Ba4 Nb8 24. Bb5 Bxb5 25. Nxb5 Rd8 26. Kg1 Ra4 27. Rb2 Kf8 28.
c5 dxc5 29. bxc5 bxc5 30. Nc7 Ke7 31. Rb7 Rb4 32. Nb5+ Nd7 33. Rxc5 Rb8 34.
Rxb8 Nxb8 35. Nc3 Nd7 36. Rc7 Rb2 37. Rc6 Rb6 38. Rc8 Ra6 39. Kf2 Ra5 40. Rg8
Rc5 41. Rg7+ Kd6 42. Ne2 Nf6 1/2-1/2

[Event "Vladimir Dvorkovich Mem 2014"]
[Site "Taganrog RUS"]
[Date "2014.01.26"]
[Round "8.15"]
[White "Tunik, G."]
[Black "Nakhbayeva, G."]
[Result "1-0"]
[WhiteElo "2420"]
[BlackElo "2287"]
[PlyCount "109"]
[EventDate "2014.01.18"]
[EventType "swiss"]
[EventRounds "9"]
[EventCountry "RUS"]
[Source "Mark Crowther"]
[SourceDate "2014.01.27"]

1. d4 Nf6 2. c4 e6 3. Nf3 Bb4+ 4. Bd2 a5 5. g3 d6 6. Bg2 Nbd7 7. Nc3 e5 8. O-O
c6 9. Qc2 Bxc3 10. Bxc3 e4 11. Nh4 d5 12. Nf5 Nb6 13. Nxg7+ Kf8 14. c5 Nc4 15.
a4 Kxg7 16. b3 Ne3 17. fxe3 h5 18. h4 Rh6 19. Rf4 Be6 20. Raf1 Rg6 21. Qd2 Kh7
22. Bxa5 Rxa5 23. Rxf6 Rxg3 24. Qe1 Qg8 25. Qf2 Ra8 26. Kh2 Rg6 27. Rxg6 Qxg6
28. Qf4 Rg8 29. Rf2 Rg7 30. b4 Bd7 31. Qg5 Qxg5 32. hxg5 Kg6 33. Bh3 Bg4 34.
Bxg4 hxg4 35. Kg3 Kxg5 36. Rh2 Rg8 37. Rh4 Kf5 38. Rh5+ Kg6 39. Rh1 f5 40. b5
Ra8 41. bxc6 bxc6 42. Ra1 Kg5 43. a5 Ra6 44. Ra2 Kf6 45. Kf4 Ke6 46. Ra1 Ra7
47. Rh1 Rxa5 48. Rh6+ Kd7 49. Kxf5 Ra1 50. Rh7+ Kc8 51. Ke5 Rf1 52. Rg7 Rh1 53.
Rxg4 Rh5+ 54. Kf6 Rh2 55. Rg7 1-0

[Event "Vladimir Dvorkovich Mem 2014"]
[Site "Taganrog RUS"]
[Date "2014.01.26"]
[Round "8.16"]
[White "Golubov, Saveliy"]
[Black "Pasiev, R."]
[Result "1/2-1/2"]
[WhiteElo "2307"]
[BlackElo "2405"]
[PlyCount "89"]
[EventDate "2014.01.18"]
[EventType "swiss"]
[EventRounds "9"]
[EventCountry "RUS"]
[Source "Mark Crowther"]
[SourceDate "2014.01.27"]

1. e4 c5 2. Nf3 e6 3. c4 Nc6 4. Nc3 Nf6 5. Be2 d5 6. exd5 exd5 7. d4 Be6 8.
dxc5 dxc4 9. Qa4 Bxc5 10. Bxc4 Bxc4 11. Qxc4 Qe7+ 12. Qe2 Qxe2+ 13. Kxe2 O-O
14. Be3 Rfe8 15. Rac1 Bxe3 16. fxe3 Re7 17. Rhe1 Rae8 18. Nd1 Nd5 19. g3 Nxe3
20. Nxe3 Rxe3+ 21. Kf2 Rxe1 22. Nxe1 Ne5 23. h3 Nc6 24. a3 f6 25. Nd3 Re7 26.
Nf4 Rd7 27. Ke3 Kf7 28. Ne2 Re7+ 29. Kf2 Ne5 30. Rc3 f5 31. Nd4 Kf6 32. Ne2 g5
33. Nd4 h5 34. Ne2 Ng6 35. Rd3 h4 36. Rd6+ Re6 37. Rd8 hxg3+ 38. Nxg3 f4 39.
Nf1 Rb6 40. b4 a5 41. bxa5 Rb3 42. Rd6+ Kf5 43. Nd2 Rxh3 44. Rd5+ Ke6 45. Rxg5
1/2-1/2

[Event "Vladimir Dvorkovich Mem 2014"]
[Site "Taganrog RUS"]
[Date "2014.01.26"]
[Round "8.17"]
[White "Guseva, Marina"]
[Black "Sarana, A."]
[Result "0-1"]
[WhiteElo "2388"]
[BlackElo "2283"]
[PlyCount "54"]
[EventDate "2014.01.18"]
[EventType "swiss"]
[EventRounds "9"]
[EventCountry "RUS"]
[Source "Mark Crowther"]
[SourceDate "2014.01.27"]

1. d4 Nf6 2. c4 g6 3. Nc3 d5 4. Nf3 Bg7 5. h4 c6 6. Bg5 dxc4 7. e4 b5 8. e5 Nd5
9. a4 Bg4 10. axb5 Nxc3 11. bxc3 cxb5 12. Be2 Nc6 13. h5 Bxh5 14. Rxh5 gxh5 15.
Qb1 Qd5 16. Bf4 e6 17. Kf1 b4 18. Ng5 Rb8 19. Bxh5 bxc3 20. Bxf7+ Ke7 21. Qc1
Qxd4 22. Qa3+ Rb4 23. Be3 Qd3+ 24. Ke1 Bxe5 25. Rd1 Bd6 26. Qc1 c2 27. Rxd3
cxd3 0-1

[Event "Vladimir Dvorkovich Mem 2014"]
[Site "Taganrog RUS"]
[Date "2014.01.26"]
[Round "8.18"]
[White "Zakharov, AI."]
[Black "Bocharov, D."]
[Result "0-1"]
[WhiteElo "2324"]
[BlackElo "2602"]
[PlyCount "64"]
[EventDate "2014.01.18"]
[EventType "swiss"]
[EventRounds "9"]
[EventCountry "RUS"]
[Source "Mark Crowther"]
[SourceDate "2014.01.27"]

1. e4 c5 2. Nf3 e6 3. Nc3 a6 4. g3 b5 5. Bg2 Bb7 6. d3 d6 7. O-O Nf6 8. h3 Nc6
9. Re1 Be7 10. e5 dxe5 11. Nxe5 Qc8 12. Qf3 Nd8 13. Qe2 O-O 14. a4 b4 15. Ne4
Nd5 16. Nd2 f6 17. Nef3 e5 18. Nc4 Ne6 19. Na5 Rd8 20. h4 Rb8 21. Nxb7 Rxb7 22.
Qe4 Nd4 23. Nxd4 cxd4 24. f4 Rc7 25. fxe5 Rxc2 26. exf6 Bxf6 27. Bg5 Bxg5 28.
hxg5 Ne3 29. Rxe3 dxe3 30. Qxe3 Rxb2 31. Rc1 Rc2 32. Bd5+ Kh8 0-1

[Event "Vladimir Dvorkovich Mem 2014"]
[Site "Taganrog RUS"]
[Date "2014.01.26"]
[Round "8.19"]
[White "Belous, V."]
[Black "Mikhailov, Se1"]
[Result "1/2-1/2"]
[WhiteElo "2569"]
[BlackElo "2327"]
[PlyCount "80"]
[EventDate "2014.01.18"]
[EventType "swiss"]
[EventRounds "9"]
[EventCountry "RUS"]
[Source "Mark Crowther"]
[SourceDate "2014.01.27"]

1. e4 c6 2. d4 d5 3. e5 c5 4. dxc5 Nc6 5. Nf3 Bg4 6. Bb5 e6 7. Be3 a6 8. Bxc6+
bxc6 9. O-O Ne7 10. h3 Bxf3 11. Qxf3 Rb8 12. Nd2 Ng6 13. Bd4 Be7 14. g3 O-O 15.
Qe3 Qd7 16. Rae1 Qa7 17. h4 Rfe8 18. f4 Rxb2 19. c4 Rxa2 20. Rb1 Rxd2 21. Qxd2
Bxc5 22. Rfd1 h5 23. Qf2 Bxd4 24. Qxd4 c5 25. Qf2 Ne7 26. cxd5 Nxd5 27. Rbc1 g6
28. Rxc5 Ne7 29. Rdc1 Nf5 30. Rc8 Qxf2+ 31. Kxf2 Rxc8 32. Rxc8+ Kg7 33. Ra8 Nh6
34. Rxa6 Kf8 35. Kf3 Kg7 36. Ra8 Kh7 37. Kg2 Kg7 38. Ra3 Kf8 39. Kf3 Nf5 40.
Ke2 Nh6 1/2-1/2

[Event "Vladimir Dvorkovich Mem 2014"]
[Site "Taganrog RUS"]
[Date "2014.01.26"]
[Round "8.20"]
[White "Kovalchuk, Al RUS"]
[Black "Charochkina, D."]
[Result "0-1"]
[WhiteElo "2276"]
[BlackElo "2359"]
[PlyCount "51"]
[EventDate "2014.01.18"]
[EventType "swiss"]
[EventRounds "9"]
[EventCountry "RUS"]
[Source "Mark Crowther"]
[SourceDate "2014.01.27"]

1. d4 Nf6 2. Bg5 Ne4 3. Bf4 c5 4. f3 Qa5+ 5. c3 Nf6 6. d5 Qb6 7. e4 Qxb2 8. Nd2
Qxc3 9. Bc7 Qe3+ 10. Ne2 Qh6 11. Bf4 g5 12. Be3 Qg6 13. Bxc5 d6 14. Bf2 Bg7 15.
Rc1 Nbd7 16. h4 Nc5 17. Nb3 Ncxe4 18. fxe4 Qxe4 19. Rc3 Bf5 20. Bd4 Rc8 21.
Rxc8+ Bxc8 22. Nbc1 gxh4 23. Bxa7 h3 24. Qd4 Qg6 25. Qf2 Qc2 26. Qb6 0-1

[Event "Vladimir Dvorkovich Mem 2014"]
[Site "Taganrog RUS"]
[Date "2014.01.26"]
[Round "8.21"]
[White "Esipenko, Andrey"]
[Black "Gorkavij, V."]
[Result "0-1"]
[WhiteElo "2289"]
[BlackElo "2354"]
[PlyCount "90"]
[EventDate "2014.01.18"]
[EventType "swiss"]
[EventRounds "9"]
[EventCountry "RUS"]
[Source "Mark Crowther"]
[SourceDate "2014.01.27"]

1. d4 Nf6 2. c4 e6 3. Nf3 d5 4. Nc3 Nbd7 5. Bg5 Be7 6. e3 O-O 7. cxd5 exd5 8.
Bd3 c6 9. Qc2 Re8 10. Nd2 a5 11. O-O Nf8 12. Bf5 Ng6 13. Bxc8 Qxc8 14. Bxf6
Bxf6 15. Qd1 Bd8 16. Qh5 Bc7 17. Rae1 Re6 18. Qg4 Qe8 19. Qd1 f5 20. g3 Nf8 21.
Qf3 Qf7 22. Kh1 Rae8 23. Ne2 Rh6 24. Qg2 Nd7 25. Nc1 Nf6 26. Nd3 Ng4 27. Nf3
Qe7 28. Kg1 Qd8 29. h3 Nf6 30. Nfe5 Ne4 31. f4 Bxe5 32. Nxe5 Nxg3 33. Qxg3 Rxe5
34. fxe5 Rg6 35. Qxg6 hxg6 36. Rf4 Qb6 37. Re2 Qb5 38. Rd2 Qc4 39. Kf2 Qxa2 40.
h4 Qb1 41. Ke2 Kf7 42. Rf1 Qe4 43. Rf4 Qg2+ 44. Kd3 Qg1 45. Rff2 Qh1 0-1

[Event "Vladimir Dvorkovich Mem 2014"]
[Site "Taganrog RUS"]
[Date "2014.01.26"]
[Round "8.22"]
[White "Kotenko, P."]
[Black "Rjabzev, K."]
[Result "1-0"]
[WhiteElo "2353"]
[BlackElo "2304"]
[PlyCount "111"]
[EventDate "2014.01.18"]
[EventType "swiss"]
[EventRounds "9"]
[EventCountry "RUS"]
[Source "Mark Crowther"]
[SourceDate "2014.01.27"]

1. e4 c5 2. Nf3 e6 3. d4 cxd4 4. Nxd4 Nc6 5. Nb5 d6 6. Bf4 e5 7. Be3 Nf6 8. Bg5
a6 9. N5c3 Be7 10. Bxf6 Bxf6 11. Nd2 O-O 12. Nc4 Nd4 13. Nd5 Be6 14. Nce3 Bg5
15. c3 Bxe3 16. Nxe3 Nc6 17. Bd3 Ne7 18. Qc2 g6 19. Rd1 Qa5 20. a4 b5 21. axb5
axb5 22. O-O b4 23. Bc4 Bxc4 24. Nxc4 Qc5 25. Nxd6 bxc3 26. Qxc3 Qxc3 27. bxc3
Ra3 28. c4 Nc6 29. c5 Rb8 30. h3 Ra5 31. Rc1 Kf8 32. Rfd1 Ke7 33. Rd5 Rba8 34.
Nc4 Ra1 35. Rxa1 Rxa1+ 36. Kh2 f6 37. Nb6 Nd4 38. Rd7+ Ke6 39. Rxh7 Rc1 40. Nd5
Rxc5 41. Re7+ Kd6 42. Rg7 f5 43. Rxg6+ Kd7 44. Nf6+ Ke7 45. exf5 Nxf5 46. Ne4
Rd5 47. g4 Nh4 48. Rg7+ Kf8 49. Ra7 Rd3 50. Nc5 Nf3+ 51. Kg3 Rc3 52. Nd7+ Kg8
53. Nf6+ Kf8 54. Nd5 Rd3 55. Ne3 Nd2 56. h4 1-0

[Event "Vladimir Dvorkovich Mem 2014"]
[Site "Taganrog RUS"]
[Date "2014.01.26"]
[Round "8.23"]
[White "Kudelya, I."]
[Black "Pushkov, N."]
[Result "1-0"]
[WhiteElo "2232"]
[BlackElo "2344"]
[PlyCount "89"]
[EventDate "2014.01.18"]
[EventType "swiss"]
[EventRounds "9"]
[EventCountry "RUS"]
[Source "Mark Crowther"]
[SourceDate "2014.01.27"]

1. e4 e6 2. d4 d5 3. Nd2 Nf6 4. e5 Ng8 5. c3 c5 6. Bd3 Nc6 7. Ne2 cxd4 8. cxd4
f6 9. exf6 Qxf6 10. Nf3 h6 11. O-O Bd6 12. Bc2 Nge7 13. Ng3 Bd7 14. a3 g5 15.
Be3 g4 16. Ne5 Bxe5 17. dxe5 Nxe5 18. Nh5 Qf7 19. Nf4 N5c6 20. b4 a6 21. Nd3 h5
22. Nc5 Bc8 23. Qd2 Nf5 24. Rae1 O-O 25. Bh6 Nxh6 26. Qxh6 Qg7 27. Qxh5 Rf6 28.
Re3 Rh6 29. Qe8+ Qf8 30. Qxf8+ Kxf8 31. f3 g3 32. hxg3 b6 33. Nd3 Nd4 34. Bd1
Nf5 35. Re5 Nxg3 36. Rfe1 Bd7 37. Nf4 Re8 38. Rg5 Nf5 39. Ng6+ Kf7 40. Ne5+ Kf6
41. f4 Rh7 42. Bc2 Rc8 43. Bxf5 exf5 44. Rg6+ Ke7 45. Rxb6 1-0

[Event "Vladimir Dvorkovich Mem 2014"]
[Site "Taganrog RUS"]
[Date "2014.01.26"]
[Round "8.24"]
[White "Kostrikina, A."]
[Black "Musalov, R."]
[Result "0-1"]
[WhiteElo "2141"]
[BlackElo "2365"]
[PlyCount "128"]
[EventDate "2014.01.18"]
[EventType "swiss"]
[EventRounds "9"]
[EventCountry "RUS"]
[Source "Mark Crowther"]
[SourceDate "2014.01.27"]

1. e4 e5 2. Nf3 Nc6 3. Nc3 Nf6 4. d4 exd4 5. Nxd4 Bb4 6. Nxc6 bxc6 7. Bd3 d5 8.
exd5 Qe7+ 9. Qe2 Qxe2+ 10. Kxe2 Nxd5 11. Nxd5 cxd5 12. Bf4 c6 13. c3 Be7 14.
Rhe1 Bg4+ 15. Kf1 Kd7 16. f3 Be6 17. Be5 f6 18. Bg3 g6 19. Re2 Rhe8 20. Rae1
Bf7 21. Ba6 Bd6 22. Rxe8 Bxe8 23. Bxd6 Kxd6 24. Rd1 Rb8 25. Rd2 Rb6 26. Be2 a5
27. Bd1 Bd7 28. Bb3 Bc8 29. Kf2 Ba6 30. c4 a4 31. c5+ Kxc5 32. Bxa4 Bc4 33. b3
Bb5 34. Bxb5 Rxb5 35. Ke3 Rb8 36. Kd3 Kd6 37. Kc3 c5 38. Re2 g5 39. Kd3 h5 40.
h3 Rg8 41. Kc3 g4 42. hxg4 hxg4 43. b4 c4 44. a4 gxf3 45. gxf3 Rg3 46. Re3 Rg1
47. a5 Ra1 48. Kb2 Ra4 49. Kc3 Ra2 50. Kd4 Rd2+ 51. Kc3 Rd1 52. Kc2 Ra1 53. Kb2
Ra4 54. Kc3 f5 55. f4 Ra2 56. Re5 Ra3+ 57. Kc2 Rb3 58. Rxf5 d4 59. a6 d3+ 60.
Kc1 c3 61. a7 d2+ 62. Kc2 Rb2+ 63. Kxc3 d1=Q 64. Kxb2 Qd4+ 0-1

[Event "Vladimir Dvorkovich Mem 2014"]
[Site "Taganrog RUS"]
[Date "2014.01.26"]
[Round "8.25"]
[White "Korchmar, V."]
[Black "Taysayev, T."]
[Result "1/2-1/2"]
[WhiteElo "2346"]
[BlackElo "2233"]
[PlyCount "88"]
[EventDate "2014.01.18"]
[EventType "swiss"]
[EventRounds "9"]
[EventCountry "RUS"]
[Source "Mark Crowther"]
[SourceDate "2014.01.27"]

1. d4 Nf6 2. c4 e6 3. g3 c5 4. d5 exd5 5. cxd5 b5 6. e4 Nxe4 7. Bg2 Nd6 8. Nf3
Be7 9. O-O O-O 10. Bf4 a5 11. Re1 Ra6 12. Nc3 Rb6 13. Qe2 Bf6 14. Bxd6 Rxd6 15.
Qxb5 Ba6 16. Qxc5 Qb6 17. Qa3 Bxc3 18. bxc3 Rxd5 19. Nd4 Rc5 20. Re3 Bc4 21.
Rae1 g6 22. h4 Be6 23. Be4 Na6 24. Rb1 Qc7 25. Rb7 Qc8 26. Rb6 Bc4 27. Nb3 Bxb3
28. Qxb3 Nc7 29. Bf3 Ne6 30. Kg2 Qc7 31. Rb7 Qd6 32. Qa4 Rd8 33. Ra7 Qd2 34.
Rxa5 Rxc3 35. Rxc3 Qxc3 36. Rd5 Rb8 37. Qxd7 Rb2 38. Qe8+ Kg7 39. Rd7 Qf6 40.
a4 Ra2 41. Rb7 Qf5 42. Qb5 Qc5 43. Qxc5 Nxc5 44. Rc7 Nxa4 1/2-1/2

[Event "Vladimir Dvorkovich Mem 2014"]
[Site "Taganrog RUS"]
[Date "2014.01.26"]
[Round "8.26"]
[White "Vlasenko, A."]
[Black "Sukhareva, E."]
[Result "1-0"]
[WhiteElo "2319"]
[BlackElo "2203"]
[PlyCount "99"]
[EventDate "2014.01.18"]
[EventType "swiss"]
[EventRounds "9"]
[EventCountry "RUS"]
[Source "Mark Crowther"]
[SourceDate "2014.01.27"]

1. Nf3 d5 2. d4 e6 3. c4 Nf6 4. e3 a6 5. b3 dxc4 6. bxc4 c5 7. Be2 cxd4 8. exd4
g6 9. O-O Bg7 10. Ba3 Bf8 11. Bxf8 Kxf8 12. Nc3 Nbd7 13. Rb1 b6 14. c5 Qc7 15.
d5 Nxc5 16. d6 Qd8 17. Ne5 Bb7 18. Qd4 Rg8 19. Rfd1 Nd5 20. Nxd5 exd5 21. Qf4
f5 22. d7 Rg7 23. Bf3 Nxd7 24. Bxd5 Bxd5 25. Rxd5 Qe8 26. Qb4+ Kg8 27. Qb3 Kh8
28. Qb2 Kg8 29. Nf3 Rc8 30. h4 h6 31. Rbd1 b5 32. Qa3 Rc6 33. Qd3 Rc7 34. h5
Kh7 35. g3 Nf6 36. hxg6+ Qxg6 37. Nh4 Qg4 38. Rxf5 Rcd7 39. Rd5+ Kh8 40. Rd6
Qxh4 41. Qc3 Rdf7 42. Rxa6 Ne4 43. Qe3 Kh7 44. Rd4 Re7 45. Qd3 Qg4 46. Rdd6 Qg5
47. Re6 Qc1+ 48. Kh2 Qc4 49. Rxh6+ Kg8 50. Ra8+ 1-0

[Event "Vladimir Dvorkovich Mem 2014"]
[Site "Taganrog RUS"]
[Date "2014.01.26"]
[Round "8.27"]
[White "Iliushkin, E."]
[Black "Nazaretyan, Tigran"]
[Result "1/2-1/2"]
[WhiteElo "2302"]
[BlackElo "2149"]
[PlyCount "80"]
[EventDate "2014.01.18"]
[EventType "swiss"]
[EventRounds "9"]
[EventCountry "RUS"]
[Source "Mark Crowther"]
[SourceDate "2014.01.27"]

1. c4 e6 2. Nf3 d5 3. e3 Nf6 4. b3 Bd6 5. Bb2 Nbd7 6. Be2 c6 7. d4 O-O 8. Nbd2
a6 9. O-O Ne4 10. Qc2 f5 11. Ne5 Qf6 12. f4 Qe7 13. Nxe4 fxe4 14. a4 Nf6 15.
Bc3 c5 16. Rfd1 a5 17. dxc5 Bxc5 18. Bd4 Bd6 19. c5 Bxe5 20. Bxe5 Rf7 21. Rab1
Bd7 22. Bb5 Bc6 23. b4 axb4 24. Rxb4 Ng4 25. Bd4 e5 26. fxe5 Nxe5 27. Bxe5 Qxe5
28. Rf1 Rxf1+ 29. Bxf1 Qa1 30. Qb3 Rf8 31. Qb1 Qc3 32. Rb3 Qd2 33. Rb2 Qxe3+
34. Kh1 Qxc5 35. h3 d4 36. Rc2 Qe5 37. Bc4+ Kh8 38. Qb4 Qf6 39. Rc1 Qd8 40. Bb5
e3 1/2-1/2

[Event "Vladimir Dvorkovich Mem 2014"]
[Site "Taganrog RUS"]
[Date "2014.01.26"]
[Round "8.28"]
[White "Bykova, Anastasia"]
[Black "Dmitriev, Ig"]
[Result "1-0"]
[WhiteElo "2097"]
[BlackElo "2298"]
[PlyCount "91"]
[EventDate "2014.01.18"]
[EventType "swiss"]
[EventRounds "9"]
[EventCountry "RUS"]
[Source "Mark Crowther"]
[SourceDate "2014.01.27"]

1. d4 Nf6 2. Nf3 d6 3. h3 Bf5 4. Bf4 c5 5. dxc5 Qa5+ 6. c3 Qxc5 7. Nbd2 e5 8.
Bg3 Nbd7 9. e3 Be7 10. Be2 O-O 11. O-O b5 12. a4 b4 13. Nb3 Qb6 14. a5 Qb7 15.
c4 Rac8 16. Nfd2 Rfd8 17. Bf3 Qa6 18. e4 Be6 19. Be2 Nc5 20. Nxc5 dxc5 21. Qc2
Nd7 22. Rfd1 Bd6 23. Bg4 Bxg4 24. hxg4 Nb8 25. Nb3 Nc6 26. Rd5 f6 27. f3 Nd4
28. Qd3 Be7 29. Nc1 Rd6 30. Bf2 g6 31. Bg3 Bf8 32. g5 Rxd5 33. exd5 Re8 34.
gxf6 Qxf6 35. Nb3 h5 36. Nd2 Qf5 37. Ne4 Be7 38. Bf2 Rf8 39. Rd1 h4 40. d6 Bd8
41. Nxc5 Bxa5 42. Bxd4 exd4 43. Qxf5 gxf5 44. Nb3 Bd8 45. c5 Bg5 46. Nxd4 1-0

[Event "Vladimir Dvorkovich Mem 2014"]
[Site "Taganrog RUS"]
[Date "2014.01.26"]
[Round "8.29"]
[White "Dauletova, G."]
[Black "Bykov, Egor"]
[Result "1-0"]
[WhiteElo "2218"]
[BlackElo "2089"]
[PlyCount "65"]
[EventDate "2014.01.18"]
[EventType "swiss"]
[EventRounds "9"]
[EventCountry "RUS"]
[Source "Mark Crowther"]
[SourceDate "2014.01.27"]

1. e4 d5 2. exd5 Qxd5 3. Nc3 Qd6 4. d4 Nf6 5. Nf3 g6 6. Nb5 Qb6 7. c4 c6 8. Nc3
Bg7 9. h3 Bf5 10. c5 Qc7 11. Bc4 O-O 12. O-O b5 13. Bb3 a5 14. a3 Ne4 15. Re1
Nxc3 16. bxc3 Na6 17. Bg5 Rae8 18. Qd2 a4 19. Ba2 Kh8 20. Bf4 Qc8 21. Ne5 Be6
22. c4 Rd8 23. cxb5 cxb5 24. Bxe6 Qxe6 25. Nf3 Qc6 26. Rxe7 Qxc5 27. dxc5 Rxd2
28. Nxd2 Bxa1 29. c6 Kg7 30. Ra7 Nc5 31. Bd6 Rc8 32. Bxc5 Rxc6 33. Ne4 1-0

[Event "Vladimir Dvorkovich Mem 2014"]
[Site "Taganrog RUS"]
[Date "2014.01.26"]
[Round "8.30"]
[White "Sazonova, A."]
[Black "Travkina, A."]
[Result "1/2-1/2"]
[WhiteElo "2042"]
[BlackElo "2227"]
[PlyCount "61"]
[EventDate "2014.01.18"]
[EventType "swiss"]
[EventRounds "9"]
[EventCountry "RUS"]
[Source "Mark Crowther"]
[SourceDate "2014.01.27"]

1. e4 c5 2. Nf3 d6 3. d4 cxd4 4. Nxd4 Nf6 5. Nc3 g6 6. Be3 Bg7 7. f3 Nc6 8. Qd2
O-O 9. O-O-O d5 10. exd5 Nxd5 11. Nxc6 bxc6 12. Bd4 Bxd4 13. Qxd4 Qb6 14. Nxd5
cxd5 15. Qxb6 axb6 16. a3 Bb7 17. Rd4 Rfd8 18. Rb4 Rd6 19. Bd3 e5 20. Re1 f6
21. c3 Re8 22. f4 Kf7 23. g3 Ke6 24. Kd2 Red8 25. Ke3 Rc8 26. Kd2 Rc5 27. Ke3
Rc7 28. Kd2 Rc5 29. Ke3 Rc7 30. Kd2 Rc5 31. Ke3 1/2-1/2

[Event "Vladimir Dvorkovich Mem 2014"]
[Site "Taganrog RUS"]
[Date "2014.01.26"]
[Round "8.31"]
[White "Gunchenko, Vadim"]
[Black "Rozhko, D."]
[Result "0-1"]
[WhiteElo "2032"]
[BlackElo "2354"]
[PlyCount "66"]
[EventDate "2014.01.18"]
[EventType "swiss"]
[EventRounds "9"]
[EventCountry "RUS"]
[Source "Mark Crowther"]
[SourceDate "2014.01.27"]

1. d4 d5 2. Nf3 Nf6 3. c4 c6 4. Nc3 Qb6 5. e3 Bg4 6. h3 Bxf3 7. Qxf3 e6 8. Qg3
Nbd7 9. cxd5 exd5 10. Bd3 g6 11. O-O Bg7 12. b3 O-O 13. Bb2 Nh5 14. Qf3 Qd8 15.
Ba3 Re8 16. Bd6 Nf8 17. Bh2 Ne6 18. Rac1 Qh4 19. Qg4 Qe7 20. Qd1 Nf6 21. Qc2
Nd7 22. Na4 Qb4 23. Qc3 Qa3 24. Qc2 f5 25. Rfe1 Qb4 26. Qc3 Qxc3 27. Nxc3 f4
28. Bxf4 Nxf4 29. exf4 Bxd4 30. Ne2 Bc5 31. Ng3 Ba3 32. Rcd1 Bd6 33. f5 Bxg3
0-1

[Event "Vladimir Dvorkovich Mem 2014"]
[Site "Taganrog RUS"]
[Date "2014.01.26"]
[Round "8.32"]
[White "Aivazian, Grigory"]
[Black "Frolov, Andrey"]
[Result "1-0"]
[WhiteElo "1981"]
[BlackElo "2164"]
[PlyCount "85"]
[EventDate "2014.01.18"]
[EventType "swiss"]
[EventRounds "9"]
[EventCountry "RUS"]
[Source "Mark Crowther"]
[SourceDate "2014.01.27"]

1. e4 c5 2. Nf3 d6 3. d4 cxd4 4. Nxd4 Nf6 5. Nc3 a6 6. Be3 e5 7. Nf3 Be7 8. Bc4
O-O 9. O-O Bg4 10. Be2 h6 11. a4 Nbd7 12. Nd2 Be6 13. Nc4 Qc7 14. b3 Nxe4 15.
Nxe4 d5 16. Nxe5 Nxe5 17. Ng3 Nc6 18. Bg4 d4 19. Bd2 Bd5 20. Bf5 Rad8 21. Re1
g6 22. Bxh6 gxf5 23. Nxf5 Ne5 24. Rxe5 Qxe5 25. Qg4+ Kh7 26. Bxf8 Bxf8 27. Qh5+
Kg8 28. Nh6+ Bxh6 29. Qxe5 Bg7 30. Qe7 Rc8 31. Rd1 Bc6 32. h4 Re8 33. Qg5 Re6
34. h5 Kh7 35. Qf5+ Kg8 36. Qg4 Re4 37. Qh3 Kh7 38. Qf5+ Kg8 39. Rd3 Re5 40.
Qg4 Re4 41. f4 f5 42. Qg5 Re7 43. Rg3 1-0

[Event "Vladimir Dvorkovich Mem 2014"]
[Site "Taganrog RUS"]
[Date "2014.01.26"]
[Round "8.33"]
[White "Hudyakov, S."]
[Black "Zhdanov, P."]
[Result "1-0"]
[WhiteElo "2094"]
[BlackElo "2010"]
[PlyCount "69"]
[EventDate "2014.01.18"]
[EventType "swiss"]
[EventRounds "9"]
[EventCountry "RUS"]
[Source "Mark Crowther"]
[SourceDate "2014.01.27"]

1. d4 Nf6 2. c4 g6 3. Nc3 d5 4. Nf3 Bg7 5. cxd5 Nxd5 6. e4 Nxc3 7. bxc3 c5 8.
Rb1 O-O 9. Be2 cxd4 10. cxd4 Qa5+ 11. Bd2 Qd8 12. Bc3 Nc6 13. Qd2 e6 14. O-O b6
15. Rfc1 Ne7 16. Bb4 Bb7 17. Qg5 f6 18. Qh4 Qd7 19. Bb5 Qxb5 20. Bxe7 Qe2 21.
Bxf8 Rxf8 22. Re1 Qxa2 23. Ra1 Qc2 24. Rxa7 Ba8 25. Qf4 e5 26. dxe5 fxe5 27.
Qh4 Re8 28. Ng5 h6 29. Ne6 Rxe6 30. Qd8+ Bf8 31. Rxa8 Qc5 32. Rd1 b5 33. g3 b4
34. Rd7 b3 35. Raa7 1-0